000 00565nam a2200265Ia 4500
008 210210b1915 xxu||||| |||| 00| 0 eng d
041 _aeng
082 _a580/98
100 _aFYSON (P F)
245 _aFlora of the niligiri and pulney hill tops Vol I
260 _aMadras
_bGovernment Press
_c1915
440 _aI
650 _aVol
650 _atops
650 _athe
650 _apulney
650 _aof
650 _aniligiri
650 _aI
650 _ahill
650 _aFlora
650 _aand
690 _aBotany
906 _a010362
999 _c138130
_d138130